Statistics for Countries that have Been at War with Israel

Click here to take the quiz!

General Stats

  • This quiz has been taken 249 times
  • The average score is 9 of 12

Answer Stats

DateWarAnswer% Correct
1947Palestine WarEgypt
98%
1947Palestine WarIraq
97%
1947Palestine WarJordan
95%
1947Palestine WarLebanon
95%
1947Palestine WarSyria
95%
1947Palestine WarSaudi Arabia
93%
1947Palestine WarYemen
79%
1973Yom Kippur WarAlgeria
64%
1973Yom Kippur WarMorocco
61%
1967War of AttritionSoviet Union
51%
1973Yom Kippur WarCuba
32%
1973Yom Kippur WarNorth Korea
29%

Score Distribution

Percentile by Number Answered

Percent of People with Each Score

Your Score History

You have not taken this quiz